[Event "Titled Tuesday intern op 07th Jan Early"]
[Site "Chess.com INT"]
[Date "2025.01.07"]
[Round "2"]
[White "Aghasiyev, Kamal"]
[Black "Matlakov, Maxim"]
[Result "1/2-1/2"]
[WhiteElo "2441"]
[BlackElo "2623"]
[PlyCount "95"]
[EventDate "2025.01.07"]
[EventType "swiss (blitz)"]
[EventRounds "11"]
[EventCountry "USA"]
[SourceTitle "CB03_2025"]
[SourceDate "2025.01.15"]
[SourceVersion "1"]
[SourceVersionDate "2025.01.15"]
[SourceQuality "1"]

1. e4 e5 2. Nf3 Nc6 3. Nc3 Bb4 4. Bb5 Bxc3 5. bxc3 d6 6. d3 Nge7 7. 0-0 0-0 8. d4 h6 9. Re1 a6 10. Bf1 Ng6 11. h3 Re8 12. Rb1 b6 13. a4 a5 14. Bb5 Bd7 15. Qd3 Na7 16. Bxd7 Qxd7 17. dxe5 Nxe5 18. Nxe5 Rxe5 19. Bf4 Re7 20. Qa6 Qc8 21. Qc4 Qe6 22. Qa6 Ree8 23. Qb7 Qc8 24. Qd5 Qe6 25. c4 f6 26. Rb3 Kh8 27. Rg3 Qxd5 28. cxd5 b5 29. Rc3 Re7 30. Be3 Rxe4 31. Rxc7 bxa4 32. Rb1 Nc8 33. Rbb7 a3 34. Rxg7 Rxe3 35. Rh7+ Kg8 36. Rbg7+ Kf8 37. fxe3 a2 38. Rf7+ Ke8 39. Rfg7 a1Q+ 40. Kf2 Kf8 41. Rf7+ Ke8 42. Rfg7 Ne7 43. Rxe7+ Kf8 44. Ref7+ Kg8 45. Rfg7+ Kf8 46. Rf7+ Ke8 47. Re7+ Kf8 48. Ref7+ 1/2-1/2

[Event "Titled Tuesday intern op 07th Jan Early"]
[Site "Chess.com INT"]
[Date "2025.01.07"]
[Round "6"]
[White "Topalov, Aleksandar"]
[Black "Aghasiyev, Kamal"]
[Result "0-1"]
[WhiteElo "2233"]
[BlackElo "2441"]
[PlyCount "86"]
[EventDate "2025.01.07"]
[EventType "swiss (blitz)"]
[EventRounds "11"]
[EventCountry "USA"]
[SourceTitle "CB03_2025"]
[SourceDate "2025.01.15"]
[SourceVersion "1"]
[SourceVersionDate "2025.01.15"]
[SourceQuality "1"]

1. b3 d5 2. Bb2 e6 3. Nf3 Nf6 4. e3 g6 5. c4 Bg7 6. Be2 0-0 7. 0-0 b6 8. d3 Bb7 9. Nbd2 c5 10. cxd5 Bxd5 11. Rc1 Nbd7 12. Qc2 a5 13. a3 Qe7 14. Qb1 a4 15. bxa4 Rxa4 16. Nc4 b5 17. Bxf6 Bxf6 18. Qxb5 Raa8 19. Nb6 Nxb6 20. Qxb6 Rfc8 21. d4 Rab8 22. Qa5 Rb2 23. Ba6 Ra8 24. Rxc5 Qa7 25. Qc3 Rb3 26. Rc8+ Kg7 27. Rxa8 Qxa8 28. Qa5 Bc4 29. Bxc4 Qxa5 30. Bxb3 Qxa3 31. Rb1 h5 32. h4 Qa5 33. Bd1 Qa2 34. Rc1 Be7 35. Kf1 Ba3 36. Rc2 Qb1 37. Ke2 Qb5+ 38. Ke1 Bb4+ 39. Nd2 Qd3 40. g3 Bc3 41. Ra2 Qe4 42. Be2 Qb1+ 43. Bd1 Qxa2 0-1

[Event "Titled Tuesday intern op 23rd Jul Late"]
[Site "Chess.com INT"]
[Date "2024.07.23"]
[Round "11"]
[White "Myagmarsuren, Evsuld"]
[Black "Aghasiyev, Kamal"]
[Result "0-1"]
[WhiteElo "2064"]
[BlackElo "2441"]
[PlyCount "64"]
[EventDate "2024.07.23"]
[EventType "swiss (blitz)"]
[EventRounds "11"]
[EventCountry "USA"]
[SourceTitle "EXT 2025"]
[Source "ChessBase"]
[SourceDate "2024.10.14"]
[SourceVersion "1"]
[SourceVersionDate "2024.10.14"]
[SourceQuality "1"]

1. e4 e6 2. d4 d5 3. Nc3 Nf6 4. e5 Nfd7 5. f4 c5 6. Nf3 Nc6 7. Be3 Be7 8. Qd2 0-0 9. dxc5 Nxc5 10. 0-0-0 Bd7 11. Kb1 a6 12. h4 Qc7 13. h5 Rad8 14. Rh3 Ne4 15. Nxe4 dxe4 16. Nd4 Nxd4 17. Bxd4 Bc6 18. Rg3 Rxd4 19. Qxd4 Rd8 20. h6 g6 21. Bc4 Rxd4 22. Rxd4 Bf8 23. f5 Qxe5 24. fxe6 Qxd4 25. exf7+ Kh8 26. b3 Bxh6 27. a4 Qd1+ 28. Kb2 Bg7+ 29. c3 Qe1 30. b4 Qxg3 31. b5 Qxc3+ 32. Kb1 Qb2# 0-1

[Event "Titled Tuesday intern op 11th Jun Late"]
[Site "Chess.com INT"]
[Date "2024.06.11"]
[Round "4"]
[White "Aghasiyev, Kamal"]
[Black "Sokolovsky, Yahli"]
[Result "0-1"]
[WhiteElo "2441"]
[BlackElo "2492"]
[PlyCount "106"]
[EventDate "2024.06.11"]
[EventType "swiss (blitz)"]
[EventRounds "11"]
[EventCountry "USA"]
[SourceTitle "EXT 2025"]
[Source "ChessBase"]
[SourceDate "2024.10.14"]
[SourceVersion "1"]
[SourceVersionDate "2024.10.14"]
[SourceQuality "1"]

1. d4 d6 2. Nf3 g6 3. g3 Bg7 4. Bg2 b6 5. 0-0 Bb7 6. c4 Nf6 7. Nc3 Ne4 8. Qc2 Nxc3 9. Qxc3 Nd7 10. b3 c5 11. Bb2 0-0 12. Qd2 cxd4 13. Bxd4 Bxd4 14. Qxd4 Qc7 15. Qh4 Bxf3 16. Bxf3 Rae8 17. Rad1 Nf6 18. Rd3 Qc5 19. Rfd1 Kg7 20. Qd4 Qa5 21. Qb2 Rc8 22. Bd5 Kg8 23. h4 Qc5 24. Kg2 Ng4 25. e3 Nf6 26. Bf3 h5 27. Bd5 Rb8 28. b4 Qc7 29. Rc3 Rfc8 30. Rdc1 Qd7 31. Qb1 Kg7 32. Bf3 Rc7 33. Qb2 Rbc8 34. Qd2 Qa4 35. a3 Qd7 36. Qd4 e5 37. Qd2 Qe6 38. Bd5 Qf5 39. Bf3 Rd7 40. Qc2 e4 41. Be2 Rh8 42. c5 g5 43. cxd6 gxh4 44. Rc7 h3+ 45. Kg1 Rxd6 46. Bf1 Rhd8 47. Qc4 R8d7 48. Rxd7 Rxd7 49. Qc3 Kg6 50. Rc2 Rd1 51. Rd2 h2+ 52. Kxh2 Rxf1 53. Kg2 Re1 0-1

[Event "Titled Tuesday intern op 11th Jun Late"]
[Site "Chess.com INT"]
[Date "2024.06.11"]
[Round "2"]
[White "Taborov, Boris"]
[Black "Aghasiyev, Kamal"]
[Result "0-1"]
[WhiteElo "2313"]
[BlackElo "2441"]
[PlyCount "72"]
[EventDate "2024.06.11"]
[EventType "swiss (blitz)"]
[EventRounds "11"]
[EventCountry "USA"]
[SourceTitle "EXT 2025"]
[Source "ChessBase"]
[SourceDate "2024.10.14"]
[SourceVersion "1"]
[SourceVersionDate "2024.10.14"]
[SourceQuality "1"]

1. d4 Nf6 2. c4 g6 3. Nc3 Bg7 4. e4 d6 5. f3 0-0 6. Be3 Nc6 7. Nge2 a6 8. Qd2 Rb8 9. Rc1 e6 10. g3 Bd7 11. Nd1 b5 12. c5 Ne7 13. Bg2 e5 14. d5 dxc5 15. Bxc5 Ne8 16. Nf2 Nd6 17. b3 Kh8 18. 0-0 Ng8 19. Rc2 Re8 20. Rfc1 f5 21. Ba7 Rb7 22. Be3 Nf6 23. Bg5 Qb8 24. Qe3 b4 25. Nd3 fxe4 26. fxe4 Ng4 27. Qc5 Bf8 28. Qa5 Qa7+ 29. Kh1 Bb5 30. Nxb4 Nf2+ 31. Kg1 Nh3+ 32. Kh1 Nf2+ 33. Kg1 Nfxe4+ 34. Kh1 Nxg5 35. Rxc7 Bxe2 36. Nc6 Qe3 0-1

[Event "Titled Tuesday intern op 04th Jun Late"]
[Site "Chess.com INT"]
[Date "2024.06.04"]
[Round "8"]
[White "Aghasiyev, Kamal"]
[Black "Timmermans, Mark"]
[Result "0-1"]
[WhiteElo "2441"]
[BlackElo "2399"]
[PlyCount "96"]
[EventDate "2024.06.04"]
[EventType "swiss (blitz)"]
[EventRounds "11"]
[EventCountry "USA"]
[SourceTitle "EXT 2025"]
[Source "ChessBase"]
[SourceDate "2024.10.14"]
[SourceVersion "1"]
[SourceVersionDate "2024.10.14"]
[SourceQuality "1"]

1. e4 e5 2. Nf3 Nc6 3. Bc4 Nf6 4. d3 Be7 5. 0-0 0-0 6. Re1 d6 7. a4 Kh8 8. a5 a6 9. h3 Ng8 10. Nc3 f5 11. Nd5 Bf6 12. c3 Nce7 13. Nxf6 Nxf6 14. Bg5 fxe4 15. dxe4 Qe8 16. Nh4 Ng6 17. Bxf6 Rxf6 18. Qh5 Bd7 19. Re3 Nf4 20. Qxe8+ Rxe8 21. Rae1 Ref8 22. Kh2 h6 23. b4 g5 24. Nf5 Bxf5 25. exf5 Rxf5 26. Rf3 R5f6 27. g3 Ng6 28. Rxf6 Rxf6 29. Kg2 Ne7 30. Bd3 Kg7 31. c4 Nc6 32. Rb1 Rf8 33. Be4 Kf6 34. Kf1 Ke7 35. Ke1 Kd7 36. Rb2 b6 37. axb6 cxb6 38. Bd5 Kc7 39. b5 axb5 40. cxb5 Nd4 41. Ra2 Nxb5 42. Rc2+ Kb8 43. Rb2 Nd4 44. Rxb6+ Kc7 45. Rb7+ Kc8 46. Rh7 Rf6 47. Be4 Ne6 48. Bd5 Nc7 0-1

[Event "Titled Tuesday intern op 04th Jun Late"]
[Site "Chess.com INT"]
[Date "2024.06.04"]
[Round "4"]
[White "Grahn, Vidar"]
[Black "Aghasiyev, Kamal"]
[Result "1-0"]
[WhiteElo "2264"]
[BlackElo "2441"]
[PlyCount "99"]
[EventDate "2024.06.04"]
[EventType "swiss (blitz)"]
[EventRounds "11"]
[EventCountry "USA"]
[SourceTitle "EXT 2025"]
[Source "ChessBase"]
[SourceDate "2024.10.14"]
[SourceVersion "1"]
[SourceVersionDate "2024.10.14"]
[SourceQuality "1"]

1. e4 c5 2. Nc3 g6 3. Nf3 Bg7 4. d4 cxd4 5. Nxd4 d6 6. Be3 Nf6 7. Bc4 Nc6 8. f3 0-0 9. Qd2 Nxd4 10. Bxd4 Be6 11. Nd5 Bxd5 12. exd5 Rc8 13. Bb3 Nd7 14. Bxg7 Kxg7 15. 0-0-0 b5 16. h4 h5 17. g4 Rh8 18. Qd4+ Kg8 19. Rhg1 a5 20. c3 b4 21. gxh5 Rxh5 22. Rg5 Rxg5 23. hxg5 Qb6 24. Qh4 Qe3+ 25. Kb1 Qe5 26. Rh1 Qg7 27. cxb4 axb4 28. Qxb4 Nc5 29. Bc2 Qe5 30. Qh4 Qg7 31. Ka1 Rb8 32. Rb1 Qe5 33. Qh6 Qg7 34. Qxg7+ Kxg7 35. b4 Na6 36. b5 Nc5 37. a4 Ra8 38. Rb4 e6 39. dxe6 fxe6 40. b6 Nb7 41. Kb2 d5 42. Rb5 Kf7 43. Kc3 Ke7 44. Kd4 Kd6 45. f4 Rc8 46. Bxg6 Rc4+ 47. Ke3 Rxa4 48. Bd3 Ra1 49. g6 Rg1 50. Kf2 1-0

[Event "Titled Tuesday intern op 04th Jun Late"]
[Site "Chess.com INT"]
[Date "2024.06.04"]
[Round "6"]
[White "Horak, Martin"]
[Black "Aghasiyev, Kamal"]
[Result "0-1"]
[WhiteElo "2333"]
[BlackElo "2441"]
[PlyCount "82"]
[EventDate "2024.06.04"]
[EventType "swiss (blitz)"]
[EventRounds "11"]
[EventCountry "USA"]
[SourceTitle "EXT 2025"]
[Source "ChessBase"]
[SourceDate "2024.10.14"]
[SourceVersion "1"]
[SourceVersionDate "2024.10.14"]
[SourceQuality "1"]

1. e4 c5 2. Nf3 d6 3. Bb5+ Bd7 4. Bxd7+ Qxd7 5. c4 Nf6 6. Nc3 Nc6 7. d4 cxd4 8. Nxd4 g6 9. f3 Bg7 10. Be3 0-0 11. b3 a6 12. Rc1 Nxd4 13. Bxd4 b5 14. Bxf6 Bxf6 15. Nd5 Bg5 16. f4 Bh6 17. 0-0 Rac8 18. Kh1 Rc6 19. cxb5 Rxc1 20. Qxc1 axb5 21. Qc3 Bg7 22. Qb4 e6 23. Nc3 Bxc3 24. Qxc3 Rc8 25. Qd2 Qc6 26. Re1 Qc5 27. h3 b4 28. Rd1 Rc6 29. Qd4 Qc2 30. Rd2 Qc1+ 31. Kh2 h5 32. Qxb4 h4 33. Qd4 Qe1 34. Qf2 Qxe4 35. Qxh4 d5 36. Qf6 Rc1 37. Rf2 Qe3 38. Rf3 Qg1+ 39. Kg3 Rc2 40. Rc3 Rxg2+ 41. Kh4 Qf2+ 0-1

[Event "Titled Tuesday intern op 28th May Early"]
[Site "Chess.com INT"]
[Date "2024.05.28"]
[Round "6"]
[White "Aghasiyev, Kamal"]
[Black "Grahn, Vidar"]
[Result "0-1"]
[WhiteElo "2441"]
[BlackElo "2273"]
[PlyCount "148"]
[EventDate "2024.05.28"]
[EventType "swiss (blitz)"]
[EventRounds "11"]
[EventCountry "USA"]
[SourceTitle "EXT 2025"]
[Source "ChessBase"]
[SourceDate "2024.10.14"]
[SourceVersion "1"]
[SourceVersionDate "2024.10.14"]
[SourceQuality "1"]

1. d4 d5 2. c4 e6 3. Nc3 Nf6 4. cxd5 exd5 5. Bg5 Bb4 6. e3 h6 7. Bh4 g5 8. Bg3 Ne4 9. Rc1 h5 10. f3 Bxc3+ 11. bxc3 Nxg3 12. hxg3 Qe7 13. Kf2 Nc6 14. Bd3 Be6 15. Ne2 0-0-0 16. c4 dxc4 17. Bxc4 Bxc4 18. Rxc4 Rhe8 19. Rc3 h4 20. g4 Qd6 21. Qd3 Kb8 22. Qf5 f6 23. Rhc1 Ne7 24. Qc5 Nd5 25. Qxd6 cxd6 26. Rb3 Rc8 27. Rcb1 b6 28. R1b2 Rc4 29. Rd2 Rec8 30. Rbb2 Kb7 31. Rb5 Ne7 32. e4 a6 33. Rbb2 b5 34. Ke3 Kb6 35. Kd3 Nc6 36. a3 Na5 37. Ke3 R4c7 38. Kd3 Nc4 39. Ra2 Nxd2 40. Kxd2 Rc4 41. Kd3 a5 42. Rb2 b4 43. a4 R4c7 44. Kd2 d5 45. Kd3 Rd7 46. Ke3 Rcd8 47. Rc2 Rc7 48. Rb2 Re7 49. Kd3 dxe4+ 50. fxe4 Rde8 51. e5 fxe5 52. d5 e4+ 53. Kd4 e3 54. Rc2 Re4+ 55. Kd3 Rxg4 56. Rc6+ Kb7 57. Rf6 Rd8 58. Kxe3 Rxd5 59. Kf3 Rc4 60. Rf7+ Kb6 61. Rf6+ Rc6 62. Rf8 Kc5 63. Nc1 Kc4 64. Rb8 Kc3 65. Ne2+ Kc2 66. Ke4 Rd2 67. Nd4+ Rxd4+ 68. Kxd4 b3 69. Kd5 Rc3 70. Rf8 b2 71. Rf2+ Kb3 72. Rf1 Rc1 73. Rf3+ Ka2 74. Rf2 Ka1 0-1

[Event "Titled Tuesday intern op 28th May Early"]
[Site "Chess.com INT"]
[Date "2024.05.28"]
[Round "8"]
[White "Aghasiyev, Kamal"]
[Black "Rodriguez Lopez, David"]
[Result "1-0"]
[WhiteElo "2441"]
[BlackElo "2191"]
[PlyCount "103"]
[EventDate "2024.05.28"]
[EventType "swiss (blitz)"]
[EventRounds "11"]
[EventCountry "USA"]
[SourceTitle "EXT 2025"]
[Source "ChessBase"]
[SourceDate "2024.10.14"]
[SourceVersion "1"]
[SourceVersionDate "2024.10.14"]
[SourceQuality "1"]

1. d4 d5 2. c4 c6 3. Nc3 Nf6 4. e3 Bf5 5. cxd5 Nxd5 6. Nf3 e6 7. Be2 Be7 8. 0-0 h6 9. Bd2 Bh7 10. Na4 Nd7 11. Rc1 0-0 12. Re1 N7b6 13. Nc5 Qc7 14. Bf1 Nd7 15. b4 b6 16. Nxd7 Qxd7 17. Ne5 Qe8 18. Nxc6 a6 19. a4 Bd6 20. g3 Be4 21. f3 Bh7 22. e4 Ne7 23. b5 Nxc6 24. Rxc6 Qd7 25. Qb3 a5 26. Rec1 Bb4 27. Be3 Rac8 28. Qc4 Rxc6 29. bxc6 Qc7 30. Bf4 Bd6 31. Bxd6 Qxd6 32. d5 Rc8 33. Qd4 h5 34. Kf2 h4 35. Bb5 Qa3 36. Qc3 Qd6 37. Rd1 Bg6 38. e5 Qd8 39. d6 hxg3+ 40. hxg3 f6 41. c7 Qf8 42. d7 fxe5 43. dxc8Q Qxc8 44. Rd8+ Kh7 45. Rxc8 e4 46. Qe5 e3+ 47. Kxe3 Bf5 48. Re8 Kg6 49. Re7 Kh5 50. Qxg7 Bg6 51. Rxe6 Bf7 52. Rh6# 1-0

[Event "Titled Tuesday intern op 28th May Early"]
[Site "Chess.com INT"]
[Date "2024.05.28"]
[Round "5"]
[White "Kucuksari, Kaan"]
[Black "Aghasiyev, Kamal"]
[Result "1-0"]
[WhiteElo "2465"]
[BlackElo "2441"]
[PlyCount "79"]
[EventDate "2024.05.28"]
[EventType "swiss (blitz)"]
[EventRounds "11"]
[EventCountry "USA"]
[SourceTitle "EXT 2025"]
[Source "ChessBase"]
[SourceDate "2024.10.14"]
[SourceVersion "1"]
[SourceVersionDate "2024.10.14"]
[SourceQuality "1"]

1. d4 d5 2. c4 e6 3. Nc3 Nf6 4. cxd5 exd5 5. Bg5 c6 6. e3 Nbd7 7. Bd3 Be7 8. Nge2 h6 9. Bh4 Nh5 10. Bxe7 Qxe7 11. Qd2 Nb6 12. 0-0 0-0 13. Rae1 Bd7 14. f3 f5 15. Nf4 Qf7 16. Nxh5 Qxh5 17. b3 Rae8 18. a4 Nc8 19. a5 Nd6 20. b4 Re7 21. Re2 Rfe8 22. Rfe1 Qg5 23. b5 Qf6 24. bxc6 bxc6 25. Kh1 Kh8 26. Na4 f4 27. exf4 Rxe2 28. Bxe2 Qe7 29. Kg1 Nc4 30. Qc3 Bf5 31. Nc5 Qe3+ 32. Qxe3 Rxe3 33. Kf2 Rc3 34. g4 Bc2 35. Rc1 Nb2 36. Ke1 Rxc5 37. dxc5 Ba4 38. Rb1 Nc4 39. Bxc4 dxc4 40. Kd2 1-0

[Event "Titled Tuesday intern op 21st May Early"]
[Site "Chess.com INT"]
[Date "2024.05.21"]
[Round "5"]
[White "Murthy, Pappu LN"]
[Black "Aghasiyev, Kamal"]
[Result "0-1"]
[WhiteElo "1893"]
[BlackElo "2441"]
[PlyCount "44"]
[EventDate "2024.05.21"]
[EventType "swiss (blitz)"]
[EventRounds "11"]
[EventCountry "USA"]
[SourceTitle "CBM 220 Extra"]
[Source "ChessBase"]
[SourceDate "2024.07.31"]
[SourceVersion "1"]
[SourceVersionDate "2024.07.31"]
[SourceQuality "1"]

1. e4 c5 2. Nf3 d6 3. d4 cxd4 4. Nxd4 Nf6 5. Nc3 g6 6. Be3 Bg7 7. f3 0-0 8. Bc4 Nc6 9. Qe2 Nxd4 10. Bxd4 Be6 11. Bxe6 fxe6 12. e5 Nd7 13. 0-0-0 Nxe5 14. Bxe5 Bxe5 15. Ne4 Qa5 16. Kb1 Rac8 17. Ng5 Qb6 18. b3 Qa5 19. Rd3 Rc6 20. c4 b5 21. Nxe6 bxc4 22. Rd2 Rb8 0-1

[Event "Titled Tuesday intern op 26th Mar Late"]
[Site "Chess.com INT"]
[Date "2024.03.26"]
[Round "11"]
[White "Aghasiyev, Kamal"]
[Black "Bochnicka, Vladimir1"]
[Result "0-1"]
[WhiteElo "2441"]
[BlackElo "2413"]
[PlyCount "62"]
[EventDate "2024.03.26"]
[EventType "swiss (blitz)"]
[EventRounds "11"]
[EventCountry "USA"]
[SourceTitle "EXT 2025"]
[Source "ChessBase"]
[SourceDate "2024.10.14"]
[SourceVersion "1"]
[SourceVersionDate "2024.10.14"]
[SourceQuality "1"]

1. d4 Nf6 2. Nf3 g6 3. Bg5 Bg7 4. Nbd2 d5 5. e3 0-0 6. Be2 c5 7. 0-0 Nc6 8. c3 Qb6 9. Qb3 c4 10. Qa3 Qc7 11. b3 b5 12. Qc5 Qb6 13. Qxb6 axb6 14. Bxf6 Bxf6 15. e4 e6 16. e5 Be7 17. a4 b4 18. bxc4 bxc3 19. Nb3 dxc4 20. Bxc4 Na5 21. Nxa5 bxa5 22. d5 exd5 23. Bxd5 Rb8 24. Nd4 Bc5 25. Nc6 Rb2 26. Rac1 Ba6 27. Rxc3 Bxf2+ 28. Kh1 Bxf1 29. g4 Rb1 30. Ba2 Ra1 31. Rf3 Bh3+ 0-1

[Event "Titled Tuesday intern op 26th Mar Late"]
[Site "Chess.com INT"]
[Date "2024.03.26"]
[Round "6"]
[White "Aghasiyev, Kamal"]
[Black "Garrido Dominguez, Jesus"]
[Result "1/2-1/2"]
[WhiteElo "2441"]
[BlackElo "2401"]
[PlyCount "114"]
[EventDate "2024.03.26"]
[EventType "swiss (blitz)"]
[EventRounds "11"]
[EventCountry "USA"]
[SourceTitle "EXT 2025"]
[Source "ChessBase"]
[SourceDate "2024.10.14"]
[SourceVersion "1"]
[SourceVersionDate "2024.10.14"]
[SourceQuality "1"]

1. d4 e6 2. c4 b6 3. Nf3 Bb7 4. Nc3 Bb4 5. Bd2 Nf6 6. e3 0-0 7. Bd3 c5 8. a3 Bxc3 9. Bxc3 cxd4 10. Nxd4 d5 11. 0-0 Nc6 12. Nxc6 Bxc6 13. Qe2 dxc4 14. Bxc4 Ne4 15. Bd4 Qg5 16. f3 Nd6 17. Bd3 Nf5 18. Bxf5 Qxf5 19. Rfc1 Bb5 20. Qd2 e5 21. e4 Qd7 22. Be3 Qxd2 23. Bxd2 Rfc8 24. Kf2 f6 25. Be3 Kf7 26. a4 Rxc1 27. Rxc1 Bxa4 28. Rc7+ Kg6 29. g3 h5 30. f4 exf4 31. gxf4 Re8 32. f5+ Kh7 33. Kf3 Bb3 34. Kf4 Ba2 35. Bd4 Bb1 36. e5 Kh6 37. e6 g5+ 38. fxg6 Kxg6 39. e7 Kf7 40. Rxa7 Rxe7 41. Rxe7+ Kxe7 42. Bxb6 Ke6 43. Bd8 Bd3 44. Ke3 Bb5 45. Kd4 f5 46. Bc7 Kd7 47. Bf4 Kc6 48. Ke5 Be2 49. Kxf5 Kb5 50. Ke4 Bd1 51. Kd3 Bg4 52. Kc3 Bh3 53. b4 Bg4 54. Bd6 h4 55. Bc5 h3 56. Kd4 Bc8 57. Ke3 Kc6 1/2-1/2

[Event "Titled Tuesday intern op 26th Mar Late"]
[Site "Chess.com INT"]
[Date "2024.03.26"]
[Round "3"]
[White "Aghasiyev, Kamal"]
[Black "Kovalevsky, Stanislav"]
[Result "1-0"]
[WhiteElo "2441"]
[BlackElo "2128"]
[PlyCount "63"]
[EventDate "2024.03.26"]
[EventType "swiss (blitz)"]
[EventRounds "11"]
[EventCountry "USA"]
[SourceTitle "EXT 2025"]
[Source "ChessBase"]
[SourceDate "2024.10.14"]
[SourceVersion "1"]
[SourceVersionDate "2024.10.14"]
[SourceQuality "1"]

1. d4 d5 2. c4 e6 3. Nf3 Nf6 4. g3 c6 5. Bg2 Ne4 6. 0-0 Nd7 7. Nfd2 f5 8. f3 Nd6 9. e4 dxc4 10. e5 Nb5 11. Nxc4 Nb6 12. Nxb6 axb6 13. Be3 Nc7 14. Nc3 Nd5 15. Nxd5 exd5 16. Qc2 Be7 17. a3 0-0 18. f4 Be6 19. Rfd1 Qd7 20. Qb3 Qc7 21. Rac1 Ra5 22. Bd2 Ra6 23. Bxd5 Bxd5 24. Qxd5+ Kh8 25. Qe6 b5 26. d5 Qb6+ 27. Kg2 Bd8 28. Bb4 Qe3 29. Re1 Qd3 30. Bxf8 cxd5 31. Qe8 Qd2+ 32. Kh1 1-0

[Event "Titled Tuesday intern op 20th Feb Late"]
[Site "Chess.com INT"]
[Date "2024.02.20"]
[Round "6"]
[White "Aghasiyev, Kamal"]
[Black "Gonzalez Zharikov, Andrey"]
[Result "1-0"]
[WhiteElo "2441"]
[BlackElo "1985"]
[PlyCount "77"]
[EventDate "2024.02.20"]
[EventType "swiss (blitz)"]
[EventRounds "11"]
[EventCountry "USA"]
[SourceTitle "EXT 2025"]
[Source "ChessBase"]
[SourceDate "2024.10.14"]
[SourceVersion "1"]
[SourceVersionDate "2024.10.14"]
[SourceQuality "1"]

1. d4 Nf6 2. c4 e6 3. Nf3 c5 4. d5 d6 5. Nc3 exd5 6. cxd5 g6 7. h3 Bg7 8. e4 0-0 9. Bd3 a6 10. a4 Nfd7 11. 0-0 b6 12. Bf4 Qe7 13. Qd2 Bb7 14. Rfe1 Ne5 15. Nxe5 Bxe5 16. Bxe5 Qxe5 17. Nd1 Qd4 18. Qc3 Nd7 19. Qb3 Ne5 20. Bf1 c4 21. Qc3 Qc5 22. b4 cxb3 23. Qxb3 f5 24. Ne3 fxe4 25. Rac1 Qa5 26. Red1 Rac8 27. Rb1 b5 28. axb5 axb5 29. Qxb5 Qxb5 30. Rxb5 Ba6 31. Rb4 Bxf1 32. Rxf1 Rc5 33. Rxe4 Rfc8 34. f4 Nf7 35. Ng4 Kg7 36. f5 gxf5 37. Rxf5 Rc1+ 38. Kh2 R8c4 39. Re7 1-0

[Event "Titled Tuesday intern op 20th Feb Late"]
[Site "Chess.com INT"]
[Date "2024.02.20"]
[Round "9"]
[White "Aghasiyev, Kamal"]
[Black "Slovineanu, Viacheslav"]
[Result "1/2-1/2"]
[WhiteElo "2441"]
[BlackElo "2412"]
[PlyCount "135"]
[EventDate "2024.02.20"]
[EventType "swiss (blitz)"]
[EventRounds "11"]
[EventCountry "USA"]
[SourceTitle "EXT 2025"]
[Source "ChessBase"]
[SourceDate "2024.10.14"]
[SourceVersion "1"]
[SourceVersionDate "2024.10.14"]
[SourceQuality "1"]

1. d4 Nf6 2. c4 e6 3. Nf3 d5 4. Nc3 c5 5. cxd5 Nxd5 6. e4 Nxc3 7. bxc3 cxd4 8. cxd4 Bb4+ 9. Bd2 Bxd2+ 10. Qxd2 0-0 11. Bd3 Nc6 12. Bc2 Qa5 13. Qxa5 Nxa5 14. 0-0 b6 15. Rfc1 Bb7 16. Bd3 Rac8 17. Kf1 Rxc1+ 18. Rxc1 Rc8 19. Rxc8+ Bxc8 20. Ke2 Kf8 21. h4 Ke7 22. Ke3 f6 23. h5 h6 24. Nd2 Kd6 25. f4 e5 26. fxe5+ fxe5 27. d5 Bd7 28. Be2 b5 29. Kd3 Nb7 30. Kc3 a5 31. a3 Nc5 32. Bf3 Na4+ 33. Kd3 Nc5+ 34. Kc2 Be8 35. Nf1 b4 36. axb4 axb4 37. Ne3 Ba4+ 38. Kb1 Nd3 39. Nf5+ Kc5 40. Nxg7 b3 41. Ne6+ Kb4 42. Be2 Nc5 43. Nxc5 Kxc5 44. Kb2 Kd4 45. d6 Kc5 46. d7 Bxd7 47. Kxb3 Kd4 48. Kb4 Kxe4 49. Kc5 Ke3 50. Bd1 Bf5 51. Kd6 e4 52. Ke5 Bh7 53. Kf6 Kd2 54. Bg4 e3 55. Kg7 Bf5 56. Bf3 Be4 57. Bg4 Bf5 58. Bf3 Be4 59. Bg4 Bxg2 60. Kxh6 Ke1 61. Kg5 Kf2 62. h6 Bf3 63. h7 e2 64. h8Q e1Q 65. Qh4+ Kf1 66. Qh3+ Bg2 67. Qh4 Qxh4+ 68. Kxh4 1/2-1/2

[Event "Titled Tuesday intern op 20th Feb Late"]
[Site "Chess.com INT"]
[Date "2024.02.20"]
[Round "5"]
[White "Daeschler, Florian"]
[Black "Aghasiyev, Kamal"]
[Result "1-0"]
[WhiteElo "2240"]
[BlackElo "2441"]
[PlyCount "167"]
[EventDate "2024.02.20"]
[EventType "swiss (blitz)"]
[EventRounds "11"]
[EventCountry "USA"]
[SourceTitle "EXT 2025"]
[Source "ChessBase"]
[SourceDate "2024.10.14"]
[SourceVersion "1"]
[SourceVersionDate "2024.10.14"]
[SourceQuality "1"]

1. e4 e5 2. Nf3 Nc6 3. Bc4 Bc5 4. 0-0 d6 5. c3 Nf6 6. d3 a5 7. Nbd2 h6 8. Re1 0-0 9. Nf1 a4 10. Ng3 Ra5 11. Bd2 b5 12. Bd5 Nxd5 13. exd5 Ne7 14. d4 Bb6 15. dxe5 dxe5 16. Nxe5 Ra8 17. c4 bxc4 18. Nxc4 Nxd5 19. Nxb6 cxb6 20. Qf3 Be6 21. Rad1 Qf6 22. Qxf6 Nxf6 23. a3 Rfd8 24. Bc3 Nd5 25. Be5 Rac8 26. Rc1 Rc5 27. f4 f6 28. Bc3 Nxf4 29. Re4 Rc4 30. Rce1 Rxe4 31. Rxe4 Rd1+ 32. Kf2 Nd3+ 33. Ke2 Bb3 34. Rd4 Nc1+ 35. Ke3 Rxd4 36. Bxd4 b5 37. Kd2 Na2 38. Bc3 Nxc3 39. Kxc3 Bc4 40. Kd4 Kf7 41. Ne4 Bf1 42. g3 f5 43. Nd6+ Ke6 44. Kc5 g5 45. Nxb5 Ke5 46. Nc3 f4 47. gxf4+ gxf4 48. Nd1 Ke4 49. Nf2+ Kf3 50. Nd1 Ke2 51. Nc3+ Kd2 52. Ne4+ Ke3 53. Nf6 Be2 54. Kb4 Bd1 55. Nd5+ Ke4 56. Nf6+ Kf5 57. Nd5 Ke5 58. Nc3 Bb3 59. Ne2 f3 60. Ng3 Kf4 61. Kc3 Kg4 62. Kd3 h5 63. Ke3 h4 64. Ne4 Bd1 65. Nf2+ Kg5 66. Nxd1 Kg4 67. Nf2+ Kf5 68. Kxf3 Ke5 69. Kg4 Kd4 70. Kxh4 Kc4 71. Kg3 Kb3 72. h4 Kxb2 73. h5 Kxa3 74. h6 Kb3 75. h7 a3 76. h8Q a2 77. Qa1 Ka3 78. Kf3 Kb3 79. Ke2 Ka3 80. Kd2 Kb3 81. Kc1 Ka3 82. Kc2 Ka4 83. Qxa2+ Kb4 84. Qb3+ 1-0